000 01328nam0a2200361 4500
001 RU\NLR\BIBL_A\011433426
005 20250626064559.0
010 _a978-5-91951-382-7
021 _aRU
_b2017-43837
_93179
035 _a(RuMoRGB)008911337
035 _a(NLR Aleph) 011433426
090 _a11664472
_c11664472
100 _a20170706d2017 |||y0rusy50 ca
101 0 _aarm
102 _aRU
105 _aa|||z|||000gy
200 1 _aНостальгия
_dԿարոտ
_eстихотворения
_fАнастас Акопян
_zarm
210 _aРостов-на-Дону
_cАльтаир
_d2017
215 _a103 с.
_cцв. ил., портр.
_d20
300 _aАвт. также на арм. яз.: Անաստաս Հակոբյան
300 _aТекст арм., рус.
510 1 _6z33790
_aԿարոտ
_zarm
686 _aШ5(2=Ар)64-65
_2rubbk
686 2 _aШ6(2=Ар)7-5
700 1 _7ca
_8rus
_aАкопян
_bА. С.
_cпоэт
_gАнастас С.
_9176192
_3RU\NLR\AUTH\770176243
790 1 _7ba
_8rus
_aAkop'jan
_bA. S.
_cпоэт
_gAnastas S.
_9176194
_3RU\NLR\AUTH\770176245
852 _aNLR
_bОНЛ
_jАрм./2-27261
942 _cBOOK
980 _aNB